6 Most Populous Cities in Each State Quiz Stats

 Plays Quiz Updated Dec 5, 2017

Also try: Dominant Cities
Challenge
Share
Tweet
Embed
Score 0/300 Timer 20:00
3 Plays Today
Hint Answer % Correct
CaliforniaLos Angeles
91.7%
ArizonaPhoenix
89.5%
CaliforniaSan Francisco
89.2%
ColoradoDenver
89.2%
FloridaMiami
88.9%
CaliforniaSan Diego
88.6%
New YorkNew York
88.4%
IllinoisChicago
88.3%
GeorgiaAtlanta
87.7%
MississippiJackson
86.7%
HawaiiHonolulu
86.1%
IndianaIndianapolis
85.4%
NevadaLas Vegas
85.3%
MassachusettsBoston
85.1%
ArkansasLittle Rock
84.8%
KansasKansas City
84.7%
MissouriKansas City
84.7%
MichiganDetroit
84.4%
LouisianaNew Orleans
84.3%
MainePortland
84.1%
OregonPortland
84.1%
TexasDallas
84%
TexasHouston
83.9%
PennsylvaniaPhiladelphia
83.4%
AlaskaAnchorage
83.2%
AlaskaJuneau
83.1%
FloridaOrlando
82.6%
IdahoBoise
82.5%
FloridaJacksonville
82.4%
OklahomaOklahoma City
82.2%
WashingtonSeattle
82.1%
MarylandBaltimore
81.9%
GeorgiaColumbus
81.7%
OhioColumbus
81.7%
UtahSalt Lake City
81%
MinnesotaMinneapolis
80.7%
CaliforniaSacramento
80.4%
PennsylvaniaPittsburgh
80.2%
FloridaTampa
80%
TennesseeNashville
80%
IllinoisSpringfield
79.5%
MassachusettsSpringfield
79.5%
MissouriSpringfield
79.5%
TexasAustin
79.5%
OhioCleveland
79.3%
IowaDes Moines
78.9%
LouisianaBaton Rouge
78.3%
MinnesotaSaint Paul
78.3%
AlabamaBirmingham
78.3%
TexasSan Antonio
78%
ConnecticutHartford
77.7%
DelawareDover
77.2%
New HampshireDover
77.2%
TennesseeMemphis
77.2%
KentuckyLouisville
77%
New YorkBuffalo
76.8%
CaliforniaSan Jose
76.5%
OhioCincinnati
76.2%
North CarolinaRaleigh
76%
Rhode IslandProvidence
76%
North CarolinaCharlotte
75.2%
South CarolinaCharleston
75.2%
West VirginiaCharleston
75.2%
New YorkAlbany
75.1%
AlabamaMontgomery
75%
NebraskaLincoln
74.4%
NevadaReno
74.1%
New MexicoAlbuquerque
73.2%
NebraskaOmaha
73%
ArizonaTucson
72.9%
ColoradoColorado Springs
72.7%
MissouriSaint Louis
72.6%
WisconsinMilwaukee
72.3%
GeorgiaAugusta
72.2%
DelawareNewark
72.2%
New JerseyNewark
72.2%
New MexicoSanta Fe
71.8%
VirginiaRichmond
71.7%
WisconsinMadison
71.4%
MissouriColumbia
71.3%
South CarolinaColumbia
71.3%
KansasTopeka
70.7%
WyomingCheyenne
69.6%
TexasFort Worth
69.5%
OregonSalem
68.6%
AlabamaMobile
68.1%
MontanaHelena
68%
New JerseyTrenton
67.9%
OklahomaTulsa
67.7%
MichiganLansing
66.3%
MinnesotaRochester
65.8%
New HampshireRochester
65.8%
New YorkRochester
65.8%
TexasEl Paso
65.7%
KentuckyLexington-Fayette
65.1%
New JerseyJersey City
64%
GeorgiaSavannah
63.5%
KansasWichita
63.5%
North DakotaBismarck
63.5%
VirginiaVirginia Beach
63.3%
Hint Answer % Correct
AlaskaFairbanks
62.9%
North DakotaFargo
62.6%
New YorkSyracuse
61.9%
ColoradoAurora
60.9%
IllinoisAurora
60.9%
ArizonaMesa
60.6%
MontanaBillings
60.2%
OhioToledo
60.2%
DelawareWilmington
60.2%
CaliforniaFresno
60.1%
NevadaCarson City
59.9%
ConnecticutNew Haven
59.8%
TennesseeKnoxville
59.4%
South DakotaSioux Falls
59%
OhioAkron
58.7%
WisconsinGreen Bay
58.5%
New HampshireConcord
57.8%
North CarolinaDurham
57.8%
FloridaSt Petersburg
57.6%
WashingtonTacoma
56.7%
IndianaFort Wayne
56.6%
OhioDayton
56.3%
VermontMontpelier
56.3%
MichiganGrand Rapids
55.8%
ArizonaScottsdale
54.8%
UtahProvo
54.7%
MichiganAnn Arbor
54.6%
WashingtonSpokane
54.5%
OregonEugene
54%
VermontBurlington
53.1%
New HampshireManchester
52.8%
ArkansasFayetteville
52.7%
North CarolinaFayetteville
52.7%
VirginiaNorfolk
52%
ConnecticutBridgeport
51.7%
North CarolinaGreensboro
51%
IowaIowa City
50.5%
ArizonaGlendale
50.4%
LouisianaShreveport
49.9%
MassachusettsWorcester
49.9%
New YorkYonkers
49.2%
NevadaHenderson
48.9%
AlabamaTuscaloosa
48.6%
GeorgiaAthens
48.5%
IowaCedar Rapids
48.2%
MaineBangor
47.8%
IowaSioux City
47.7%
NevadaNorth Las Vegas
47.1%
PennsylvaniaErie
46.8%
TennesseeChattanooga
46.5%
PennsylvaniaScranton
46.1%
HawaiiHilo
46.1%
North CarolinaWinston-Salem
45.9%
AlabamaHuntsville
45.8%
MinnesotaDuluth
45.3%
IndianaSouth Bend
45%
LouisianaLafayette
45.1%
ColoradoFort Collins
44.5%
IllinoisRockford
44%
VirginiaAlexandria
43.9%
MississippiBiloxi
43.6%
PennsylvaniaAllentown
43.4%
MassachusettsCambridge
42.7%
MinnesotaBloomington
41.5%
IndianaBloomington
41.4%
ConnecticutStamford
40.6%
IowaDavenport
40.6%
OklahomaNorman
40.6%
MontanaMissoula
40.4%
WyomingCasper
40.4%
IndianaEvansville
40.3%
New MexicoLas Cruces
39.7%
MontanaButte-Silver Bow
39.5%
ArizonaChandler
39.1%
VirginiaNewport News
39%
New JerseyElizabeth
38.8%
IdahoIdaho Falls
38.2%
South DakotaRapid City
38%
ArkansasFort Smith
37.8%
WashingtonVancouver
37.6%
FloridaHialeah
37.6%
IllinoisJoliet
37.6%
KansasOverland Park
37.4%
WyomingLaramie
37.1%
VirginiaChesapeake
37%
South CarolinaGreenville
36.1%
KansasLawrence
35.5%
KentuckyBowling Green
35.3%
New JerseyPaterson
35.3%
MassachusettsLowell
35.3%
IllinoisNaperville
34.7%
MississippiGulfport
34.1%
New HampshireNashua
34%
HawaiiPearl City
33.9%
West VirginiaWheeling
33.6%
MontanaBozeman
33.5%
MontanaGreat Falls
33.1%
NebraskaBellevue
33.1%
WashingtonBellevue
33.1%
West VirginiaHuntington
33.1%
Hint Answer % Correct
MaineAuburn
32.6%
AlaskaSitka
32.5%
New MexicoRoswell
32.3%
IdahoNampa
31.9%
West VirginiaMorgantown
31.8%
PennsylvaniaReading
31.5%
MarylandFrederick
31%
MichiganWarren
31%
North DakotaGrand Forks
30.9%
Rhode IslandWarwick
30.9%
IdahoPocatello
30.8%
MissouriIndependence
30.4%
UtahWest Valley City
29.9%
ConnecticutWaterbury
29.6%
ArkansasJonesboro
29%
UtahSandy
29%
IdahoMeridian
28.9%
MississippiMeridian
28.9%
South CarolinaNorth Charleston
28.8%
KansasOlathe
28.7%
Rhode IslandEast Providence
28.5%
TennesseeClarksville
28.1%
ArkansasNorth Little Rock
27.9%
MaineLewiston
27.8%
OklahomaBroken Arrow
27.8%
AlaskaWasilla
27.5%
UtahOrem
27.3%
WisconsinKenosha
27.3%
MarylandRockville
27.3%
Rhode IslandPawtucket
27.2%
WisconsinRacine
27.1%
MississippiHattiesburg
26.9%
ColoradoLakewood
26.9%
LouisianaLake Charles
26.5%
AlabamaHoover
25.8%
South DakotaAberdeen
25.8%
KentuckyOwensboro
25.8%
MichiganSterling Heights
25.6%
MassachusettsNew Bedford
25.2%
Rhode IslandCranston
25.1%
TennesseeMurfreesboro
25.1%
New MexicoRio Rancho
25%
AlaskaKetchikan
25%
MaineSouth Portland
24.9%
North DakotaMinot
24.9%
VermontSouth Burlington
24.7%
UtahWest Jordan
24.5%
IowaWaterloo
24.4%
WisconsinAppleton
24.2%
NebraskaGrand Island
24.2%
North DakotaWest Fargo
24%
NevadaSparks
24%
WashingtonKent
23.8%
GeorgiaSandy Springs
23.5%
ConnecticutNorwalk
23.4%
KentuckyCovington
23%
HawaiiKailua
22.5%
VermontRutland
22.5%
NebraskaKearney
22.3%
ArkansasSpringdale
22.2%
VermontEssex Junction
22.2%
MarylandHagerstown
22.1%
OklahomaLawton
21.9%
ColoradoThornton
21.8%
West VirginiaParkersburg
21.8%
New MexicoFarmington
21.7%
WyomingRock Springs
21.5%
OregonBeaverton
21.2%
WyomingGillette
21%
MarylandGaithersburg
20.5%
OregonGresham
20.4%
IndianaHammond
20.3%
MarylandBowie
20.3%
DelawareSmyrna
20.2%
Rhode IslandWoonsocket
20.1%
South DakotaWatertown
20.1%
OregonHillsboro
19.9%
South CarolinaRock Hill
19.5%
DelawareMiddletown
19.3%
VermontBarre
19.3%
OklahomaEdmond
19.2%
WyomingSheridan
19.2%
NebraskaFremont
18.6%
MississippiSouthaven
18.5%
DelawareMilford
18.2%
New HampshireKeene
18.2%
MissouriLee's Summit
17.9%
South DakotaBrookings
17.7%
LouisianaKenner
17.6%
MinnesotaBrooklyn Park
17.3%
South DakotaMitchell
17.3%
South CarolinaMount Pleasant
17.2%
IdahoCaldwell
16.8%
New JerseyClifton
16.7%
HawaiiWaipahu
15.8%
HawaiiKane'ohe
15.5%
West VirginiaWeirton
15.4%
North DakotaMandan
15.4%
KentuckyHopkinsville
15.2%
MaineBiddeford
15%

You're not logged in!

Compare scores with friends on all Sporcle quizzes.
Join for Free
OR
Log In

You Might Also Like...

Show Comments

Extras

Top Quizzes Today


Score Distribution

Your Account Isn't Verified!

In order to create a playlist on Sporcle, you need to verify the email address you used during registration. Go to your Sporcle Settings to finish the process.

Report this User

Report this user for behavior that violates our Community Guidelines.

Details: